| 000 | 00502cam a2200169ua 4500 | ||
|---|---|---|---|
| 041 |
_aeng _h |
||
| 082 |
_a028.74635 _bCHA/PR |
||
| 100 | _aChandra, P . | ||
| 245 |
_aProceedings of the summer institute on green house design and environmental control / _cP Chandra. _hTextual Documents |
||
| 260 |
_aBhopal : _bCentral Institute of Agricultural Engineering , _c1985. |
||
| 300 | _a360 ; . | ||
| 504 | _a | ||
| 700 | 1 | _aBohra, C P . | |
| 700 | 1 | _aOjha, T.P. | |
| 942 | _cBK | ||
| 999 |
_c10676 _d10676 |
||